Design, modelling and experimental investigation of modular latent thermal energy storage system for heating applications / (Record no. 601878)

000 -LEADER
fixed length control field 00530nam a2200157Ia 4500
008 - FIXED-LENGTH DATA ELEMENTS--GENERAL INFORMATION
fixed length control field 230907s9999||||xx |||||||||||||| ||und||
082 ## - DEWEY DECIMAL CLASSIFICATION NUMBER
Classification number 621.4028
Author Mark FAW
100 ## - MAIN ENTRY--PERSONAL NAME
Personal name Fawad Ahmed (00000202988)
9 (RLIN) 116499
245 #0 - TITLE STATEMENT
Title Design, modelling and experimental investigation of modular latent thermal energy storage system for heating applications /
260 ## - PUBLICATION, DISTRIBUTION, ETC.
Place of publication, distribution, etc. USPCAS-E, NUST,
Name of publisher, distributor, etc. Islamabad :
Date of publication, distribution, etc. 2020
300 ## - PHYSICAL DESCRIPTION
Extent 75 p.
520 ## - SUMMARY, ETC.
Summary, etc. TH-199
650 ## - SUBJECT ADDED ENTRY--TOPICAL TERM
Topical term or geographic name entry element MS-TEE Thesis MS Thesis
700 ## - ADDED ENTRY--PERSONAL NAME
Personal name Dr. Adeel Waqas
9 (RLIN) 28869
942 ## - ADDED ENTRY ELEMENTS (KOHA)
Koha item type Thesis
Source of classification or shelving scheme
Holdings
Withdrawn status Lost status Source of classification or shelving scheme Damaged status Not for loan Permanent Location Current Location Date acquired Full call number Barcode Date last seen Price effective from Koha item type
          US-Pakistan Center for Advanced Studies in Energy (USPCAS-E) US-Pakistan Center for Advanced Studies in Energy (USPCAS-E) 07/13/2020 621.4028 FAW CAS-ETH0000199 09/12/2023 09/12/2023 Thesis
© 2023 Central Library, National University of Sciences and Technology. All Rights Reserved.